UBT Library

Instituti për kërkime shkencore dhe Zhvillimi (Record no. 60883)

000 -LEADER
fixed length control field 00299nam a22001217a 4500
008 - FIXED-LENGTH DATA ELEMENTS--GENERAL INFORMATION
fixed length control field 260311b ||||| |||| 00| 0 eng d
041 ## - LANGUAGE CODE
Language code of text/sound track or separate title eng
080 ## - UNIVERSAL DECIMAL CLASSIFICATION NUMBER
Field link and sequence number 2.1
Universal Decimal Classification number 2.1
100 ## - Rafti
Rafti 20.10
101 ## - Shkurtesa
Shkurtesa Instituti shkencor
245 ## - TITLE STATEMENT
Title Instituti për kërkime shkencore dhe Zhvillimi
942 ## - ADDED ENTRY ELEMENTS (KOHA)
Source of classification or shelving scheme
Item type Books
Holdings
Withdrawn status Lost status Source of classification or shelving scheme Damaged status Not for loan Collection code Permanent location Current location Date acquired Total Checkouts Barcode Date last seen Price effective from Koha item type
          Koleksioni i përgjithshem UBT - Lipjan UBT - Lipjan 03/11/2026   003-800070999150 03/11/2026 03/11/2026 Books
UBT Library © 2015-2024. All rights reserved University Education for Business and Technology